000 01437cam a2200349 a 4500
001 12906587
003 ARRUPE
005 20220510081344.0
008 020826s2003 nyuabf b 001 0deng
010 _a 2002034209
020 _a0375408835
040 _aDLC
_cDLC
_dDLC
042 _apcc
043 _af-ua---
050 0 0 _aTC791
_b.K37 2003
082 0 0 _a386/.43/09
_221
100 1 _aKarabell, Zachary.
_951492
245 1 0 _aParting the desert :
_bthe creation of the Suez Canal /
_cZachary Karabell.
250 _a1st ed.
260 _aNew York :
_bA.A. Knopf,
_c2003.
300 _a310 p., [8] p. of plates :
_bill., map ;
_c25 cm.
504 _aIncludes bibliographical references (p. 295-300) and index.
600 1 0 _aLesseps, Ferdinand de,
_d1805-1894.
_921918
650 0 _aCanals
_zEgypt
_zSuez
_xDesign and construction.
_951493
651 0 _aSuez Canal (Egypt)
_xHistory.
_951494
856 4 2 _3Contributor biographical information
_uhttp://www.loc.gov/catdir/bios/random054/2002034209.html
856 4 1 _3Sample text
_uhttp://www.loc.gov/catdir/samples/random045/2002034209.html
856 4 2 _3Publisher description
_uhttp://www.loc.gov/catdir/description/random0413/2002034209.html
906 _a7
_bcbc
_corignew
_d1
_eocip
_f20
_gy-gencatlg
942 _2lcc
_cMONOGRAPH
999 _c131380
_d131380